2021 MLB Playoff Lineups - Statistics

General Stats
  • This quiz has been taken 65 times
  • The average score is 63 of 133
Answer Stats
Hint Hint Answer % Correct
New York Yankees RF Aaron Judge
85%
Atlanta Braves 1B Freddie Freeman
80%
Houston Astros 2B Jose Altuve
80%
Los Angeles Dodgers RF Mookie Betts
80%
Tampa Bay Rays 3B Yandy Diaz
80%
Houston Astros DH Yordan Alvarez
80%
Houston Astros 3B Alex Bregman
75%
San Francisco Giants SS Brandon Crawford
75%
Tampa Bay Rays 2B Brandon Lowe
75%
San Francisco Giants C Buster Posey
75%
Milwaukee Brewers LF Christian Yelich
75%
Los Angeles Dodgers 3B Justin Turner
75%
Boston Red Sox CF Kike Hernandez
75%
Chicago White Sox CF Luis Robert Jr.
75%
Los Angeles Dodgers 2B Trea Turner
75%
Los Angeles Dodgers C Will Smith
75%
Atlanta Braves 3B Austin Riley
70%
Chicago White Sox 2B Cesar Hernandez
70%
Los Angeles Dodgers 1B Cody Bellinger
70%
Houston Astros SP Framber Valdez
70%
New York Yankees SP Gerrit Cole
70%
New York Yankees DH Giancarlo Stanton
70%
Chicago White Sox 1B Jose Abreu
70%
San Francisco Giants SP Logan Webb
70%
Los Angeles Dodgers SP Max Scherzer
70%
Boston Red Sox 3B Rafael Devers
70%
Milwaukee Brewers SS Willy Adames
70%
Boston Red Sox SS Xander Bogaerts
70%
San Francisco Giants SP Alex Wood
65%
Milwaukee Brewers SP Brandon Woodruff
65%
Houston Astros SS Carlos Correa
65%
Atlanta Braves SP Ian Anderson
65%
Atlanta Braves SP Max Fried
65%
Atlanta Braves 2B Ozzie Albies
65%
Tampa Bay Rays RF Randy Arozarena
65%
Chicago White Sox SS Tim Anderson
65%
Tampa Bay Rays SS Wander Franco
65%
New York Yankees MGR Aaron Boone
60%
Boston Red Sox MGR Alex Cora
60%
Boston Red Sox SP Chris Sale
60%
Atlanta Braves SS Dansby Swanson
60%
Boston Red Sox 1B Kyle Schwarber
60%
Houston Astros RF Kyle Tucker
60%
Chicago White Sox SP Lance Lynn
60%
Chicago White Sox SP Lucas Giolito
60%
Tampa Bay Rays C Mike Zunino
60%
St. Louis Cardinals 3B Nolan Arenado
60%
St. Louis Cardinals 1B Paul Goldschmidt
60%
St. Louis Cardinals 2B Tommy Edman
60%
Atlanta Braves C Travis d’Arnaud
60%
St. Louis Cardinals C Yadier Molina
60%
Chicago White Sox C Yasmani Grandal
60%
Los Angeles Dodgers CF Chris Taylor
55%
Milwaukee Brewers SP Corbin Burnes
55%
Los Angeles Dodgers SS Corey Seager
55%
Los Angeles Dodgers MGR Dave Roberts
55%
Chicago White Sox SP Dylan Cease
55%
Boston Red Sox DH J.D. Martinez
55%
Los Angeles Dodgers SP Julio Urias
55%
Houston Astros 1B Yuli Gurriel
55%
Atlanta Braves SP Charlie Morton
50%
Houston Astros CF Chas McCormick
50%
Boston Red Sox C Christian Vazquez
50%
San Francisco Giants 3B Evan Longoria
50%
Milwaukee Brewers SP Freddy Peralta
50%
Tampa Bay Rays CF Kevin Kiermaier
50%
San Francisco Giants LF Kris Bryant
50%
Milwaukee Brewers 3B Luis Urias
50%
Houston Astros C Martin Maldonado
50%
Tampa Bay Rays SP Shane McClanahan
50%
Los Angeles Dodgers SP Walker Buehler
50%
Chicago White Sox 3B Yoan Moncada
50%
St. Louis Cardinals SP Adam Wainwright
45%
New York Yankees 1B Anthony Rizzo
45%
Chicago White Sox SP Carlos Rodon
45%
Atlanta Braves LF Eddie Rosario
45%
New York Yankees 2B Gleyber Torres
45%
Milwaukee Brewers 1B Rowdy Tellez
45%
San Francisco Giants 1B Wilmer Flores
45%
Houston Astros SP Zack Greinke
45%
Atlanta Braves CF Adam Duvall
40%
Atlanta Braves MGR Brian Snitker
40%
Houston Astros MGR Dusty Baker
40%
Chicago White Sox LF Eloy Jimenez
40%
San Francisco Giants MGR Gabe Kapler
40%
Atlanta Braves RF Joc Pederson
40%
Tampa Bay Rays MGR Kevin Cash
40%
San Francisco Giants RF LaMonte Wade Jr.
40%
San Francisco Giants CF Mike Yastrzemski
40%
Tampa Bay Rays DH Nelson Cruz
40%
Chicago White Sox MGR Tony LaRussa
40%
Boston Red Sox LF Alex Verdugo
35%
Milwaukee Brewers RF Avisail Garcia
35%
New York Yankees CF Brett Gardner
35%
Milwaukee Brewers MGR Craig Counsell
35%
Boston Red Sox SP Eduardo Rodriguez
35%
St. Louis Cardinals CF Harrison Bader
35%
Houston Astros SP Jose Urquidy
35%
San Francisco Giants SP Kevin Gausman
35%
Milwaukee Brewers 2B Kolten Wong
35%
Chicago White Sox RF Leury Garcia
35%
Milwaukee Brewers CF Lorenzo Cain
35%
Houston Astros SP Luis Garcia
35%
Houston Astros LF Michael Brantley
35%
Boston Red Sox SP Nathan Eovaldi
35%
Boston Red Sox RF Hunter Renfroe
30%
Houston Astros SP Lance McCullers Jr.
30%
Los Angeles Dodgers LF A.J. Pollock
25%
St. Louis Cardinals RF Dylan Carlson
25%
St. Louis Cardinals MGR Mike Shildt
25%
Tampa Bay Rays SP Shane Baz
25%
San Francisco Giants 2B Tommy La Stella
25%
St. Louis Cardinals LF Tyler O’Neill
25%
Tampa Bay Rays LF Austin Meadows
20%
Atlanta Braves SP Dylan Lee
20%
New York Yankees 3B Gio Urshela
20%
New York Yankees LF Joey Gallo
20%
New York Yankees C Kyle Higashioka
20%
Milwaukee Brewers C Omar Narvaez
20%
San Francisco Giants SP Anthony DeSclafani
15%
Tampa Bay Rays SP Drew Rasmussen
15%
Chicago White Sox DH Gavin Sheets
15%
Boston Red Sox 2B Christian Arroyo
10%
St. Louis Cardinals SS Edmundo Sosa
10%
Tampa Bay Rays 1B Jordan Luplow
10%
Boston Red Sox SP Nick Pivetta
10%
New York Yankees SS Andrew Velazquez
5%
Tampa Bay Rays SP Collin McHugh
5%
Milwaukee Brewers SP Eric Lauer
5%
Atlanta Braves SP Tucker Davidson
5%
Los Angeles Dodgers SP Corey Knebel
0%
Atlanta Braves SP Jesse Chavez
0%
Los Angeles Dodgers SP Joe Kelly
0%
No matching quizzes found
Score Distribution
Percent of People with Each Score
Percentile by Number Answered
Your Score History
You have not taken this quiz